000 01430cam a2200337 a 4500
001 11911897
003 ARRUPE
005 20211014094843.0
008 000214s1999 enk b 001 0 eng d
010 _a 00265286
020 _a0192100246 (alk. paper)
020 _a0199690871 (pbk : alk. paper)
035 _a(OCoLC)ocm41213229
040 _aUKM
_cUKM
_dTMS
_dVVC
_dDLC
042 _alccopycat
050 0 0 _aBD21
_b.B47 1999
082 0 0 _a100
_221
100 1 _aBlackburn, Simon,
_d1944-
_94796
245 1 0 _aThink :
_ba compelling introduction to philosophy /
_cSimon Blackburn.
260 _aOxford ;
_aNew York :
_bOxford University Press,
_c1999.
300 _avii, 312 p. ;
_c18 cm.
504 _aIncludes bibliographical references (p. 307-310) and index.
505 0 _aKnowledge -- Mind -- Free will -- The self -- God -- Reasoning -- The world -- What to do.
650 0 _aPhilosophy.
856 4 2 _3Publisher description
_uhttp://www.loc.gov/catdir/enhancements/fy0608/00265286-d.html
856 4 1 _3Table of contents only
_uhttp://www.loc.gov/catdir/enhancements/fy0608/00265286-t.html
856 4 2 _3Contributor biographical information
_uhttp://www.loc.gov/catdir/enhancements/fy0722/00265286-b.html
906 _a7
_bcbc
_ccopycat
_d2
_encip
_f20
_gy-gencatlg
942 _2lcc
_cMONOGRAPH
999 _c130833
_d130833